UM Logo

Calamity preparedness amd response of safety committee organization of UM Digos College / (Record no. 13198)

MARC details
000 -LEADER
fixed length control field 00667nam a22001697a 4500
008 - FIXED-LENGTH DATA ELEMENTS--GENERAL INFORMATION
fixed length control field 190212b ||||| |||| 00| 0 eng d
082 ## - DEWEY DECIMAL CLASSIFICATION NUMBER
Edition number 2018
Classification number UT 1180
Item number B21
100 ## - MAIN ENTRY--PERSONAL NAME
Personal name Bandara, Junaidin L.
9 (RLIN) 36904
245 ## - TITLE STATEMENT
Title Calamity preparedness amd response of safety committee organization of UM Digos College /
Statement of responsibility, etc. Junaidin L. Bandara, Eunice A. Hitutua, and Jasper S. Quilip.
260 ## - PUBLICATION, DISTRIBUTION, ETC. (IMPRINT)
Place of publication, distribution, etc. Digos City:
Name of publisher, distributor, etc. UMDC
Date of publication, distribution, etc. October 2018.
300 ## - PHYSICAL DESCRIPTION
Extent 53 pages;
Dimensions 30 cm.
650 ## - SUBJECT ADDED ENTRY--TOPICAL TERM
Topical term or geographic name as entry element Criminal Justice
Form subdivision Criminology
General subdivision Undergraduate thesis.
9 (RLIN) 36874
700 ## - ADDED ENTRY--PERSONAL NAME
Personal name Bandara, Junaidin L.
9 (RLIN) 36904
700 ## - ADDED ENTRY--PERSONAL NAME
Personal name Hitutua, Eunice A.
9 (RLIN) 36905
700 ## - ADDED ENTRY--PERSONAL NAME
Personal name Quilip, Jasper S.
9 (RLIN) 36906
942 ## - ADDED ENTRY ELEMENTS (KOHA)
Source of classification or shelving scheme Dewey Decimal Classification
Koha item type Undergraduate Thesis
Holdings
Withdrawn status Lost status Source of classification or shelving scheme Damaged status Not for loan Collection code Home library Current library Date acquired Total Checkouts Full call number Barcode Date last seen Copy number Price effective from Koha item type
    Dewey Decimal Classification     Undergraduate Theses UM Digos College - LIC UM Digos College - LIC 02/04/2019   UT 1180 B21 2018 UT1180 02/12/2019 1 02/12/2018 Undergraduate Thesis